| 000 | 00386 a2200133 4500 | ||
|---|---|---|---|
| 001 | 90859 | ||
| 082 | _a343.41099 YAS | ||
| 090 |
_c43031 _d43031 |
||
| 100 | _aYasmeen Aftab Ali | ||
| 245 |
_aComparative Analysis of Media and media Laws in Pakistan _cYasmeen Aftab Ali _hEnglish |
||
| 260 |
_aLahore _bSang-e-Meel Publications _c2012 |
||
| 300 | _a312 p | ||
| 610 | _amedia-pakistan | ||
| 942 |
_aCAE NUST _k343.41099 YAS |
||
| 999 |
_c325932 _d325932 |
||